000
002970000a22001450004500
003
MACL
040
_a
MACL
090
_c
32366
_d
32364
100
_a
Lal,Dr. Jagdish
245
_a
Hydraulic Machines
260
_b
Metropolitan Book
350
_a
140
650
_a
Physics
942
_c
BOOK
_k
532/Jag
999
_c
32037
_d
32037